| 000 | 00752pam a2200229 a 4500 | ||
|---|---|---|---|
| 001 | 3924801 | ||
| 005 | 20180126084603.0 | ||
| 008 | 921020s1993 caub b 001 0 eng | ||
| 010 | _a 92039700 | ||
| 020 | _a1559340770 (pbk.) | ||
| 040 |
_aDLC _cDLC _dDLC |
||
| 041 | _aeng | ||
| 080 | _a181 BON | ||
| 082 | 0 | 0 |
_a181 BON _220 |
| 100 | _a24 | ||
| 101 | _aFIL | ||
| 245 | 0 | 0 |
_aUnderstanding non-Western philosophy : _cedited by Daniel Bonevac, Stephen Phillips. |
| 504 | _aIncludes biblliographical references and index. | ||
| 906 |
_a7 _bcbc _corignew _d1 _eocip _f19 _gy-gencatlg |
||
| 942 |
_2ddc _cBK |
||
| 999 |
_c41026 _d41026 |
||